AH International Schools' Libraries

The supernaturalist / (Record no. 49366)

MARC details
000 -LEADER
fixed length control field 00693nam a2200145 4500
020 ## - INTERNATIONAL STANDARD BOOK NUMBER
International Standard Book Number 9780439699884
100 ## - MAIN ENTRY--PERSONAL NAME
Personal name Colfer, Eoin.
245 ## - TITLE STATEMENT
Title The supernaturalist /
Statement of responsibility, etc Eoin Colfer.
260 ## - PUBLICATION, DISTRIBUTION, ETC. (IMPRINT)
Place of publication, distribution, etc New York:
Name of publisher, distributor, etc Scholastic;
Date of publication, distribution, etc 2004.
300 ## - PHYSICAL DESCRIPTION
Extent 267 p.
Dimensions 19 cm.
520 ## - SUMMARY, ETC.
Summary, etc In futuristic Satellite City, fourteen-year-old Cosmo Hill escapes from his abusive orphanage and teams up with three other people who share his unusual ability to see supernatural creatures, and together they determine the nature and purpose of the swarming blue Parasites that are invisible to most humans.<br/>
650 ## - SUBJECT ADDED ENTRY--TOPICAL TERM
Topical term or geographic name as entry element Friendship. Orphans.
Form subdivision Fiction.
9 (RLIN) 86577
655 ## - INDEX TERM--GENRE/FORM
Genre/form data or focus term Science Fiction.
942 ## - ADDED ENTRY ELEMENTS (KOHA)
Source of classification or shelving scheme
Koha item type J FIC BOOKS
Holdings
Withdrawn status Lost status Source of classification or shelving scheme Damaged status Not for loan Collection code Home library Current library Shelving location Date acquired Full call number Barcode Date last seen Price effective from Koha item type
          SECONDARY Asian Hope Secondary Library Asian Hope Secondary Library Junior Fiction 08/20/2025 J FIC COL 208748 01/16/2026 08/20/2025 J FIC BOOKS

For any Logos Library related questions please contact Miss Art at swongnarasuk@asianhope.org.

For any Asian Hope Library related questions please contact Miss Raza at graza@asianhope.org.

Click here to explore our ebooks!

Powered by Koha